01190nam a2200313 c 4500003000900000005001700009007000300026008004100029020001800070040002800088041000800116100003500124240001300159245011700172250001800289300002900307336002700336337003300363338002800396490008400424650004100508650004800549650004500597700003400642700004500676942002000721999001700741952011800758CO-ViMGA20240307195755.0ta160307s2015 sp a | |||| 000 1 glg  a9789588846422 aCO-ViMGAbspacCO-ViMGA1 heng1 aEliot, T. S.d1888-196594146710aMacavity10aMacavity :cescrito por T.S. Eliot ; illustrado por Arthur Robins ; traducion, lata de salbEl gato misterioso / a1a. edición a[40] p.bil. col.c28 cm 2rdacontentatextobtxt 2rdamediaasin mediaciónbn 2rdacarrieravolumenbnc0 a Plan Nacional de Lectura y Escritura Leer es mi cuento / Ministerio de Cultura14aAnimales en la literatura2LEMB985314aPoesia infantil estadounidense2LEMB94146814aTravesuras en la literatura2LEMB9414691 aLata de Saletraductor9414701 aRobins, Arthurd1944-eilustrador941471 2ddccBKhP ELI1 c38150d38150 00102ddc40708GENaMEDORADObMEDORADOcGENd2024-03-07l0pDOR00909r2024-03-07 19:59:25tEj.1w2024-03-07yBK